000 00730nam a2200289Ia 4500
005 20260324133929.0
008 008 260324s9999 xx 000 0 eng d
020 _a9781315809267
037 _aEBOOK
040 _aCRL
040 _beng
040 _cCRL
041 _2eng
041 _aeng
084 _qCRL
100 _aNicholas A. Roes
_91194924
245 0 _aSolutions for the Treatment Resistant Addicted Client
245 0 _bTherapeutic Techniques for Engaging Challenging Clients
260 _bTaylor and Francis
260 _c2002
365 _a
365 _b170
856 _uhttp://www.taylorfrancis.com/books/9781315809267
942 _cEBOOK
999 _c1794496
_d1794496